000 00984cam a22003374a 4500
001 14753431
003 OSt
005 20230629130647.0
008 070301s2006 enk l 001 0 eng
010 _a 2007386281
020 _a0421923504
040 _aDLC
_cDLC
043 _ae-uk---
050 0 0 _aKD3527
_b.A3 2005
082 _a348.02
_bALL
110 1 _aGreat Britain.
245 1 0 _aGambling Act 2005.
260 _a[London?] :
_bThomson/Sweet & Maxwell,
_c[2005]
300 _a388 p. ;
_c24 cm.
490 0 _aA current law statute guide
500 _aCover title.
500 _a"Annotations by Carl Rohsler ... with the assistance of Serena White"--P. 1.
500 _aIncludes index.
650 0 _aGambling
_xLaw and legislation
_zGreat Britain.
700 1 _aRohsler, Carl.
700 1 _aWhite, Serena.
710 2 _aSweet & Maxwell.
906 _a7
_bcbc
_corignew
_d2
_encip
_f20
_gy-gencatlg
942 _2ddc
_cBK
999 _c3048
_d3048